Devinez la Capitale Mystère #39 - Statistiques

Statistiques générales
  • Ce quiz a été pris 214 fois
  • Le résultat moyen est 28 sur 36
Statistiques - réponses
Type de Réponse Réponse % Correct
Lettre Trouvée A
99%
Lettre de l'Alphabet E
99%
Lettre de l'Alphabet I
99%
Lettre de l'Alphabet R
99%
Lettre de l'Alphabet S
99%
Lettre de l'Alphabet L
98%
Lettre Trouvée N
98%
Lettre Bien Placée A
97%
Lettre Trouvée O
97%
Lettre de l'Alphabet B
96%
Lettre Trouvée T
95%
Lettre Trouvée M
94%
Lettre de l'Alphabet P
92%
Lettre de l'Alphabet G
91%
Lettre Trouvée U
91%
Lettre Trouvée D
89%
Lettre Bien Placée N
87%
Lettre de l'Alphabet C
85%
Lettre de l'Alphabet H
82%
Lettre Trouvée K
80%
Lettre de l'Alphabet V
79%
Lettre de l'Alphabet W
77%
Lettre de l'Alphabet X
66%
Lettre de l'Alphabet Y
66%
Lettre Bien Placée A
61%
Lettre Bien Placée T
60%
Lettre de l'Alphabet J
57%
Lettre Bien Placée K
53%
Lettre Bien Placée O
53%
Lettre Bien Placée D
52%
Lettre de l'Alphabet F
52%
Lettre de l'Alphabet Z
52%
Lettre Bien Placée U
51%
Lettre de l'Alphabet Q
49%
Lettre Bien Placée M
47%
Capitale Mystère Katmandou
45%
Aucun quiz correspondant
Distribution des résultats
% des personnes avec chaque résultat
Percentile par nombre de réponses
Votre historique - résultats
Vous n’avez pas pris ce quiz